000 00636nam a2200241 a 4500
008
020 _a0470198605 (cased)
049 _aMAIN
090 _aHG221
100 1 _aDavidson, Paul.
245 1 0 _aMoney and the real world/
_cPaul Davidson.
260 _aNew York,
_bWiley
_c1972.
300 _axv, 369 p.
_bill. ;
_c23 cm.
504 _aIncludes bibliographical references.
650 0 _aMoney.
650 0 _aFinance.
650 0 _aEconomics.
907 _a.b10060200
_b20-07-04
_c17-04-03
003
005 20230123133236.0
040 _cNUST
942 _cBOOKS
_kHG221
999 _c145197
_d145197